Super Mario 64 étoiles de puissances sur une carte: Sables trop mouvants - Statistiques

Statistiques générales
  • Ce quiz a été pris 75 fois
  • Le résultat moyen est 5 sur 7
Réponses sur la Carte
Les réponses sont colorées sur une échelle allant du rouge au vert en fonction du pourcentage des utilisateurs qui les ont devinées à leur premier essai. Vous pouvez retrouver ces pourcentages ci-dessous.
 
Statistiques - réponses
# Réponse % Correct
2 Au sommet de la {pyramide}
98%
5 | 7 Vol vers les {pièces} {rouges}
90%
4 Les Quatre {Piliers} de la Foi
86%
1 Dans les griffes du {vautour}
67%
5 {Etoile} de boîte piège
67%
3 Dans l'{ancienne} pyramide
45%
6 {Enigme} de la pyramide
29%
Aucun quiz correspondant
Distribution des résultats
% des personnes avec chaque résultat
Percentile par nombre de réponses
Votre historique - résultats
Vous n’avez pas pris ce quiz